Państwa, których wybrzeże jest krótsze od polskiego - Statystyki

Ogólne statystyki
  • Ten quiz został rozwiązany 3 055 razy
    2 818 od ostatniego zresetowania
  • Średni wynik to 27 z 50
Statystyki odpowiedzi
Długość wybrzeża km Państwo % Poprawnych
90 Litwa
92%
20 Bośnia i Hercegowina
81%
4 Monako
81%
273 Izrael (łącznie ze Strefą Gazy)
73%
67 Belgia
71%
362 Albania
70%
294 Czarnogóra
70%
47 Słowenia
70%
253 Malta
67%
30 Nauru
61%
161 Bahrajn
60%
354 Bułgaria
60%
80 Gambia
60%
193 Singapur
60%
386 Belize
59%
225 Liban
59%
56 Togo
59%
320 Gwinea
58%
158 Saint Lucia
58%
225 Rumunia
57%
314 Dżibuti
56%
84 Saint Vincent i Grenadyny
55%
148 Dominika
54%
135 Saint Kitts i Nevis
54%
307 Salwador
53%
121 Benin
52%
310 Gruzja
52%
24 Tuvalu
51%
97 Barbados
50%
296 Gwinea Równikowa
50%
419 Tonga
49%
161 Brunei
48%
386 Surinam
48%
362 Trynidad i Tobago
48%
121 Grenada
47%
350 Gwinea Bissau
47%
403 Samoa
47%
153 Antigua i Barbuda
46%
193 Syria
46%
340 Komory
42%
177 Mauritius
42%
370 Wyspy Marshalla
41%
37 Demokratyczna Republika Konga *
40%
402 Sierra Leone
40%
209 Wyspy Świętego Tomasza i Książęca *
40%
58 Irak
39%
26 Jordania
38%
400 Gwatemala
37%
169 Kongo
33%
402 Kamerun
30%
Nie znaleziono quizów pasujących do podanych kryteriów
Rozkład punktacji
Procent ludzi z każdym wynikiem
Percentyl według liczby udzielonych odpowiedzi
Twoja historia wyników
Nie rozwiązałeś tego quizu od ostatniego zresetowania